000
00251nam a2200097Ia 4500
001
1207159
005
20251017101253.0
008
250824s9999 xx 000 0 und d
245
0
_a
GULYABANİ
_c
HÜSEYİN RAHMİ GÜRPINAR
260
_b
PALET YAYINLARI
999
_c
1207159
_d
1207159